[Event "Turkey Cup 2019"]
[Site "Belek"]
[Date "2019.01.29"]
[Round "4.66"]
[White "Eke, Salih"]
[Black "Gok, Muhsin"]
[Result "1-0"]
[WhiteElo "1801"]
[BlackElo "1730"]
[Annotator "NA"]
[PlyCount "197"]
[EventDate "2019.01.27"]
[EventType "swiss"]
[EventCountry "TUR"]
[SourceTitle "playchess.com"]
[Source "ChessBase"]
[SourceQuality "1"]

1. d4 d5 2. c4 c6 3. Nf3 Nf6 4. Nc3 e6 5. cxd5 exd5 6. Bg5 Be7 7. Qc2 O-O 8. e3 Nbd7 9. Bd3 h6 10. Bh4 Re8 11. O-O Ne4 12. Bxe7 Qxe7 13. Bxe4 dxe4 14. Nd2 Nf6 15. Nc4 b6 16. Rad1 Bb7 17. Rd2 Nd5 18. Qb3 Ba6 19. Rfd1 Qe6 20. Ne5 Nxc3 21. bxc3 Bb7 22. Nc4 Rab8 23. Nb2 Qd6 24. c4 Red8 25. Qc2 Qe6 26. Qb3 Qf5 27. d5 cxd5 28. cxd5 Rd7 29. d6 Rbd8 30. Rd4 b5 31. a4 a6 32. Qb4 g6 33. Rc1 Qe6 34. Rcd1 Qe5 35. h3 Kg7 36. R1d2 Rc8 37. Nd1 Qc5 38. axb5 axb5 39. Qxc5 Rxc5 40. Kf1 f5 41. Ke2 Kf6 42. f3 Ke5 43. Nf2 h5 44. h4 Rc4 45. fxe4 fxe4 46. Nh3 Rxd4 47. Rxd4 Rxd6 48. Rxd6 Kxd6 49. Nf4 b4 50. Nxg6 Kc5 51. Kd2 Kc4 52. Nf4 Kb3 53. Nxh5 Ka2 54. Nf4 b3 55. Ne2 b2 56. g4 Bc8 57. g5 Bg4 58. Nc3+ Kb3 59. g6 Bh5 60. g7 Bf7 61. h5 Bg8 62. h6 Bh7 63. Nb1 Bg8 64. Kd1 Ka2 65. Kc2 Bb3+ 66. Kc3 Bg8 67. Nd2 b1=Q 68. Nxb1 Kxb1 69. Kd4 Bh7 70. Ke5 Kc2 71. Kf6 Kd3 72. Kf7 Kxe3 73. g8=Q Bxg8+ 74. Kxg8 Kf2 75. h7 e3 76. h8=Q e2 77. Qf6+ Ke3 78. Qh4 Kd2 79. Qd4+ Kc2 80. Qe3 Kd1 81. Qd3+ Ke1 82. Kf7 Kf2 83. Qd2 Kf1 84. Qf4+ Kg2 85. Qe3 Kf1 86. Qf3+ Ke1 87. Ke6 Kd2 88. Qf2 Kd1 89. Qd4+ Kc2 90. Qe3 Kd1 91. Qd3+ Ke1 92. Ke5 Kf2 93. Qd2 Kf1 94. Qf4+ Kg2 95. Qe3 Kf1 96. Qf3+ Ke1 97. Ke4 Kd2 98. Qd3+ Ke1 99. Kd5 1-0

[Event "Turkey Cup 2019"]
[Site "Belek"]
[Date "2019.01.29"]
[Round "4.67"]
[White "Kaya, Mehmet Roni"]
[Black "Gozubuyukoglu, Selami"]
[Result "0-1"]
[WhiteElo "1632"]
[BlackElo "1821"]
[Annotator "NA"]
[PlyCount "52"]
[EventDate "2019.01.27"]
[EventType "swiss"]
[EventCountry "TUR"]
[SourceTitle "playchess.com"]
[Source "ChessBase"]
[SourceQuality "1"]

1. e4 e5 2. Nf3 Nc6 3. Bc4 Nf6 4. Nc3 Be7 5. a3 O-O 6. d3 d6 7. h3 Be6 8. O-O h6 9. Be3 Qd7 10. Nh2 Na5 11. Ba2 c5 12. f4 exf4 13. Bxf4 Nc6 14. Be3 Rae8 15. Rf3 Kh7 16. Rg3 d5 17. exd5 Nxd5 18. Nxd5 Bxd5 19. Qh5 Qd6 20. Bxh6 gxh6 21. Qf5+ Kh8 22. Bxd5 Qxg3 23. Ng4 Qd6 24. Rf1 Nd4 25. Qh5 Ne2+ 26. Kf2 Ng3 0-1

[Event "Turkey Cup 2019"]
[Site "Belek"]
[Date "2019.01.29"]
[Round "4.68"]
[White "Turkkan, Ece"]
[Black "Yigit, Ahmet Yasir"]
[Result "0-1"]
[WhiteElo "1531"]
[BlackElo "2032"]
[Annotator "NA"]
[PlyCount "90"]
[EventDate "2019.01.27"]
[EventType "swiss"]
[EventCountry "TUR"]
[SourceTitle "playchess.com"]
[Source "ChessBase"]
[SourceQuality "1"]

1. d4 Nf6 2. Nf3 e6 3. e3 b6 4. Bd3 Bb7 5. Nbd2 c5 6. O-O Be7 7. b3 cxd4 8. exd4 O-O 9. Bb2 d6 10. c4 Nbd7 11. Qe2 Rc8 12. Rad1 Re8 13. Rfe1 Qc7 14. Bb1 Bf8 15. Qd3 g6 16. Qe2 Bg7 17. h3 Nh5 18. Ne4 d5 19. Ned2 dxc4 20. Nxc4 Nf4 21. Qe3 Nf6 22. Nce5 Bh6 23. Kh1 N6d5 24. Qd2 Kg7 25. Ng4 f5 26. Nxh6 Kxh6 27. Rc1 Qd6 28. Ne5 Kg7 29. Kg1 Qe7 30. f3 Qg5 31. Kh2 Nxh3 32. Qxg5 Nxg5 33. Bd3 Nf7 34. Bb5 Red8 35. Rxc8 Rxc8 36. Bd7 Rc2 37. Bc1 Nxe5 38. dxe5 Kf7 39. Bb5 Rxa2 40. Bc4 a6 41. Bg5 Rc2 42. Bxd5 Bxd5 43. b4 Bxf3 44. Kg3 Bd5 45. Rg1 Rb2 0-1

[Event "Turkey Cup 2019"]
[Site "Belek"]
[Date "2019.01.29"]
[Round "4.69"]
[White "Kul, Ozdemir Efe"]
[Black "Yilmaz, Cumhur"]
[Result "1-0"]
[WhiteElo "1998"]
[BlackElo "1676"]
[Annotator "NA"]
[PlyCount "97"]
[EventDate "2019.01.27"]
[EventType "swiss"]
[EventCountry "TUR"]
[SourceTitle "playchess.com"]
[Source "ChessBase"]
[SourceQuality "1"]

1. c4 c5 2. Nc3 g6 3. g3 Bg7 4. Bg2 Nc6 5. e3 d6 6. Nge2 Ne5 7. d4 cxd4 8. exd4 Nc6 9. d5 Nb8 10. O-O Nf6 11. h3 O-O 12. Be3 a6 13. Qd2 Bd7 14. Kh2 b5 15. cxb5 axb5 16. b4 Na6 17. Rab1 Rc8 18. Nd4 Qe8 19. Rfc1 h5 20. a3 Nh7 21. Qd3 Rc4 22. Ncxb5 Rxc1 23. Rxc1 Bxb5 24. Qxb5 Qxb5 25. Nxb5 Rb8 26. Nd4 Bxd4 27. Bxd4 Nxb4 28. axb4 Rxb4 29. Rc8+ Nf8 30. Bc3 Rb7 31. Be4 f5 32. Bc2 Rb5 33. Ba4 Rc5 34. Rxc5 dxc5 35. Be8 Kh7 36. Kg2 Kh6 37. f4 Nh7 38. h4 Nf8 39. Kf3 Kh7 40. Ke2 c4 41. Ke3 e6 42. d6 e5 43. Bxe5 Ne6 44. Bf7 Nc5 45. Bxc4 g5 46. Kd4 gxh4 47. Kxc5 h3 48. d7 h2 49. d8=Q 1-0

[Event "Turkey Cup 2019"]
[Site "Belek"]
[Date "2019.01.29"]
[Round "4.70"]
[White "Demir, Bilal"]
[Black "Asikoglu, Engin Can"]
[Result "1-0"]
[WhiteElo "2094"]
[BlackElo "1502"]
[Annotator "NA"]
[PlyCount "73"]
[EventDate "2019.01.27"]
[EventType "swiss"]
[EventCountry "TUR"]
[SourceTitle "playchess.com"]
[Source "ChessBase"]
[SourceQuality "1"]

1. d4 Nf6 2. c4 g6 3. Nc3 Bg7 4. e4 d6 5. Be2 O-O 6. Bg5 Nbd7 7. Qd2 c5 8. d5 a6 9. f4 Rb8 10. a4 Qa5 11. Nf3 Re8 12. O-O Qc7 13. Rad1 b6 14. h3 h6 15. Bh4 Bb7 16. g4 e6 17. Bd3 h5 18. g5 Nh7 19. Bg3 Rbd8 20. Rde1 Bd4+ 21. Kh2 e5 22. f5 Nb8 23. Nh4 Kg7 24. Rf3 Qd7 25. Ref1 Rf8 26. Be2 Bc8 27. Bd1 Rde8 28. Rd3 Qd8 29. f6+ Kh8 30. Be1 Rg8 31. Qg2 Qd7 32. Bxh5 gxh5 33. g6 Rxg6 34. Nxg6+ fxg6 35. f7 Rf8 36. Qxg6 h4 37. Bxh4 1-0

[Event "Turkey Cup 2019"]
[Site "Belek"]
[Date "2019.01.29"]
[Round "4.71"]
[White "Hereklioglu, Sude"]
[Black "Aydogdu, Selcan Ayberk"]
[Result "0-1"]
[WhiteElo "1951"]
[BlackElo "1631"]
[Annotator "NA"]
[PlyCount "74"]
[EventDate "2019.01.27"]
[EventType "swiss"]
[EventCountry "TUR"]
[SourceTitle "playchess.com"]
[Source "ChessBase"]
[SourceQuality "1"]

1. d4 Nf6 2. g3 g6 3. Bg2 Bg7 4. e4 d6 5. Ne2 O-O 6. O-O e5 7. f4 c6 8. c3 Nbd7 9. h3 Re8 10. Nd2 b5 11. g4 h5 12. g5 Nh7 13. h4 Nb6 14. f5 d5 15. fxg6 fxg6 16. exd5 Nxd5 17. Ne4 Nf8 18. N2g3 Bg4 19. Qb3 Be6 20. Nc5 exd4 21. Nxe6 Nxe6 22. Ne4 dxc3 23. Kh1 Nd4 24. Qd1 Nf5 25. Rxf5 gxf5 26. Nxc3 Nxc3 27. Qb3+ Kh8 28. Bf4 Nd5 29. Rd1 Nxf4 30. Bxc6 Qe7 31. Qf3 Rad8 32. Rf1 Be5 33. Bxb5 Rf8 34. Re1 Qc5 35. Be2 Qd5 36. Qxd5 Rxd5 37. Bf3 Rd3 0-1

[Event "Turkey Cup 2019"]
[Site "Belek"]
[Date "2019.01.29"]
[Round "4.72"]
[White "Gonullu, Muhammed Sinan"]
[Black "Kiyagan, Erhan"]
[Result "1/2-1/2"]
[WhiteElo "1815"]
[BlackElo "1714"]
[Annotator "NA"]
[PlyCount "153"]
[EventDate "2019.01.27"]
[EventType "swiss"]
[EventCountry "TUR"]
[SourceTitle "playchess.com"]
[Source "ChessBase"]
[SourceQuality "1"]

1. d4 d5 2. Bg5 Bf5 3. e3 Nd7 4. Nf3 g6 5. c4 c6 6. Nc3 dxc4 7. Bxc4 b5 8. Bb3 Bg7 9. O-O Nb6 10. Qe2 Bd7 11. d5 Bxc3 12. dxc6 Bxc6 13. bxc3 Qc7 14. Nd4 a6 15. Nxc6 Qxc6 16. Rac1 Nf6 17. c4 O-O 18. cxb5 Qxb5 19. Qxb5 axb5 20. Bxf6 exf6 21. Rc6 Na4 22. Rxf6 Kg7 23. Rc6 Ra7 24. g3 Rb8 25. Rfc1 Rbb7 26. Kg2 b4 27. Bxa4 Rxa4 28. R1c2 Rba7 29. Rb2 Rxa2 30. Rxb4 Rd2 31. Rf4 Re7 32. g4 h6 33. Kg3 Rd5 34. h4 Rde5 35. Rff6 h5 36. gxh5 Rxh5 37. Rf4 Rhe5 38. Rg4 Kh6 39. Ra6 Kg7 40. Ra1 Kh6 41. Ra6 Kh7 42. Rg5 Kh6 43. Rxe5 Rxe5 44. Ra7 Kg7 45. Kf4 Rf5+ 46. Kg3 Re5 47. Ra4 Kh6 48. Rf4 Kg7 49. Rg4 Kh6 50. Rd4 Kg7 51. e4 f5 52. exf5 Rxf5 53. f3 Rf7 54. Kg4 Rf5 55. Re4 Ra5 56. Re2 Kf6 57. Rh2 Rb5 58. Ra2 Rc5 59. Ra6+ Kg7 60. Rd6 Ra5 61. f4 Ra1 62. Rd3 Kf6 63. Rb3 Rg1+ 64. Rg3 Ra1 65. Rg2 Ra5 66. Rg3 Ra1 67. Rg2 Ra5 68. Rc2 Rb5 69. Rc6+ Kg7 70. Re6 Kf7 71. Re5 Rb1 72. Kg5 Rg1+ 73. Kh6 Rg4 74. h5 gxh5 75. Kxh5 Rxf4 76. Kg5 Rf3 77. Rf5+ 1/2-1/2

[Event "Turkey Cup 2019"]
[Site "Belek"]
[Date "2019.01.29"]
[Round "4.73"]
[White "Demirtas, Hafize"]
[Black "Ozsayin, Elif"]
[Result "1-0"]
[WhiteElo "1929"]
[BlackElo "1613"]
[Annotator "NA"]
[PlyCount "147"]
[EventDate "2019.01.27"]
[EventType "swiss"]
[EventCountry "TUR"]
[SourceTitle "playchess.com"]
[Source "ChessBase"]
[SourceQuality "1"]

1. e4 e5 2. Nf3 d6 3. c3 Nf6 4. h3 g6 5. Be2 Bg7 6. d3 O-O 7. Nbd2 Nc6 8. Nf1 d5 9. Qc2 a6 10. Bg5 dxe4 11. dxe4 Be6 12. Ne3 Qe8 13. Bxf6 Bxf6 14. Nd5 Bd8 15. g4 f6 16. O-O-O Ne7 17. Bc4 Nxd5 18. exd5 Bf7 19. Bb3 Be7 20. Rhe1 Qd7 21. Qe4 b5 22. Nd4 Bd6 23. Nc6 Rae8 24. Bc2 Kg7 25. h4 Bg8 26. Rg1 Bc5 27. Rg2 Qd6 28. h5 Bf7 29. Rh2 Rh8 30. h6+ Kf8 31. f3 g5 32. Rhd2 Bg6 33. Qe2 Kf7 34. Bf5 Bxf5 35. gxf5 Ra8 36. Kb1 Rhe8 37. Re1 Qf8 38. Qh2 Bd6 39. Qh5+ Kg8 40. Re4 Qf7 41. Qh3 Kh8 42. Na5 Red8 43. Re3 Bf8 44. Red3 Rd6 45. b4 Re8 46. Nb7 Rd7 47. Qh1 Rb8 48. Na5 Bd6 49. Nb3 Rbd8 50. Qd1 Bf8 51. Nc5 Bxc5 52. bxc5 Kg8 53. d6 c6 54. Qb3 Ra8 55. Qe6 Rb8 56. Rb2 Re8 57. Qxf7+ Kxf7 58. Re3 Rg8 59. Re4 Ke8 60. a4 Ra7 61. Kc2 Kd7 62. Kd3 Rb8 63. Re1 Rg8 64. Ke4 Rb8 65. Ra1 a5 66. axb5 Rxb5 67. Rxb5 cxb5 68. Kd5 Ra6 69. Rb1 a4 70. Rxb5 a3 71. c6+ Kc8 72. d7+ Kc7 73. Rb7+ Kd8 74. Ke4 1-0

[Event "Turkey Cup 2019"]
[Site "Belek"]
[Date "2019.01.29"]
[Round "4.74"]
[White "Uzuner, Tufan Can"]
[Black "Erol, Harun Eser"]
[Result "1/2-1/2"]
[WhiteElo "1889"]
[BlackElo "1464"]
[Annotator "NA"]
[PlyCount "142"]
[EventDate "2019.01.27"]
[EventType "swiss"]
[EventCountry "TUR"]
[SourceTitle "playchess.com"]
[Source "ChessBase"]
[SourceQuality "1"]

1. Nf3 d5 2. c4 e6 3. b3 c6 4. Bb2 f5 5. g3 Nf6 6. Bg2 Bd6 7. d4 Nbd7 8. Nbd2 O-O 9. O-O b6 10. Ne5 Bxe5 11. dxe5 Ng4 12. Nf3 Qc7 13. cxd5 exd5 14. Rc1 Nc5 15. h3 Nh6 16. Ba3 Bb7 17. Bxc5 bxc5 18. Rxc5 Qe7 19. Qd4 Rfe8 20. Rfc1 Nf7 21. e3 Nxe5 22. Nxe5 Qxe5 23. Qxe5 Rxe5 24. b4 a6 25. Bf1 Kf8 26. R1c3 Re4 27. Rb3 g6 28. Bd3 Ree8 29. Ra5 d4 30. Bf1 dxe3 31. fxe3 Re4 32. Kf2 Ke7 33. Bd3 Re6 34. Ke2 Rd6 35. Rba3 Rd5 36. Bc4 Rxa5 37. Rxa5 Kd6 38. h4 Kd7 39. Kd3 Kc7 40. Re5 Rd8+ 41. Ke2 Kd7 42. Rc5 Re8 43. Bb3 Kd6 44. Bc2 Re5 45. Rxe5 Kxe5 46. Kd3 c5 47. Kc3 Kd6 48. bxc5+ Kxc5 49. Bd3 Bd5 50. a3 a5 51. Bc2 h6 52. h5 gxh5 53. Bxf5 Bf7 54. e4 Kb5 55. Bd7+ Kc5 56. Kd3 Kd6 57. Bb5 Ke5 58. Ke3 Bg6 59. Bc6 Bf7 60. Bb5 Bg6 61. Bd3 Bf7 62. Be2 Bg6 63. Bf3 Bf7 64. Bh1 Bg6 65. Bg2 Bh7 66. Kd3 Bg6 67. Bf3 Bh7 68. Ke3 Bg6 69. Bg2 Bh7 70. Bh1 Bg6 71. Bf3 Bh7 1/2-1/2

[Event "Turkey Cup 2019"]
[Site "Belek"]
[Date "2019.01.29"]
[Round "4.75"]
[White "Ince, Taylan Ruzgar"]
[Black "Aydin, Hakan Arda"]
[Result "1-0"]
[WhiteElo "1544"]
[BlackElo "1915"]
[Annotator "NA"]
[PlyCount "79"]
[EventDate "2019.01.27"]
[EventType "swiss"]
[EventCountry "TUR"]
[SourceTitle "playchess.com"]
[Source "ChessBase"]
[SourceQuality "1"]

1. e4 e5 2. Nf3 Nc6 3. Bc4 Bc5 4. c3 Nf6 5. d3 d6 6. b4 Bb6 7. a4 a6 8. O-O O-O 9. Nbd2 Ne7 10. Re1 c6 11. Bb3 Ng6 12. Nc4 Bc7 13. a5 Be6 14. Be3 Bxc4 15. Bxc4 d5 16. exd5 cxd5 17. Bb3 Qd7 18. Ra2 Rfd8 19. Bc5 Qf5 20. g3 Nf8 21. Nh4 Qh3 22. Qf3 e4 23. dxe4 dxe4 24. Rxe4 Ne6 25. Bxe6 fxe6 26. Re1 Ng4 27. Qg2 Qxg2+ 28. Kxg2 e5 29. Nf3 Rd3 30. h3 Nf6 31. Nxe5 Rxc3 32. Nf3 Rd8 33. Rae2 Rdd3 34. Ng5 g6 35. Re8+ Nxe8 36. Rxe8+ Kg7 37. Re7+ Kg8 38. Rxc7 h6 39. Ne4 Rxc5 40. Nxc5 1-0

[Event "Turkey Cup 2019"]
[Site "Belek"]
[Date "2019.01.29"]
[Round "4.76"]
[White "Caliskan, Seha"]
[Black "Oz, Dindar"]
[Result "1/2-1/2"]
[WhiteElo "1917"]
[BlackElo "1644"]
[Annotator "NA"]
[PlyCount "130"]
[EventDate "2019.01.27"]
[EventType "swiss"]
[EventCountry "TUR"]
[SourceTitle "playchess.com"]
[Source "ChessBase"]
[SourceQuality "1"]

1. d4 d5 2. c4 c6 3. cxd5 cxd5 4. Nf3 Nf6 5. Nc3 Nc6 6. Bf4 Bf5 7. Qb3 Na5 8. Qa4+ Bd7 9. Qc2 Rc8 10. e3 e6 11. Bd3 a6 12. O-O Be7 13. Ne5 b5 14. a3 Nc4 15. Qe2 O-O 16. Rfc1 Be8 17. Bg3 Nd7 18. Nxc4 bxc4 19. Bc2 f5 20. f3 Nf6 21. Rf1 Qb6 22. Rab1 Bg6 23. Be5 Bd6 24. f4 Be7 25. h3 Nd7 26. g3 Nxe5 27. fxe5 Qd8 28. Rbe1 Rb8 29. Nd1 Qe8 30. Qg2 Bh5 31. g4 fxg4 32. hxg4 Bg6 33. Rxf8+ Bxf8 34. e4 Qd8 35. exd5 Bxc2 36. Qxc2 Qxd5 37. Qe4 Rb3 38. Qxd5 exd5 39. Nc3 Rxb2 40. Nxd5 Rd2 41. Re4 Rxd4 42. Rxd4 Bc5 43. e6 Bxd4+ 44. Kf1 Bb2 45. a4 c3 46. Nb4 a5 47. Nc2 Kf8 48. Ke2 Ke7 49. Nd4 g6 50. Kd3 h5 51. gxh5 gxh5 52. Kc2 Kf6 53. Kb3 h4 54. e7 Kxe7 55. Nf5+ Ke6 56. Nxh4 Kd5 57. Nf5 Ke4 58. Nd6+ Kd3 59. Nc4 Bc1 60. Ne5+ Ke4 61. Nc6 Bd2 62. Kc2 Kd5 63. Nxa5 Kc5 64. Nb3+ Kb6 65. Kd3 Ka6 1/2-1/2

[Event "Turkey Cup 2019"]
[Site "Belek"]
[Date "2019.01.29"]
[Round "4.77"]
[White "Alagoz, Mahmut"]
[Black "Cam, Vedat"]
[Result "0-1"]
[WhiteElo "1707"]
[BlackElo "1882"]
[Annotator "NA"]
[PlyCount "84"]
[EventDate "2019.01.27"]
[EventType "swiss"]
[EventCountry "TUR"]
[SourceTitle "playchess.com"]
[Source "ChessBase"]
[SourceQuality "1"]

1. d4 d6 2. c4 g6 3. e4 Bg7 4. Nc3 Nf6 5. Nf3 O-O 6. Be2 c6 7. O-O Qc7 8. h3 e5 9. Be3 h6 10. Qd2 Kh7 11. Rac1 Ne8 12. dxe5 dxe5 13. Bc5 Rg8 14. Rfd1 Nd7 15. Be7 b6 16. b4 Bf8 17. Bxf8 Rxf8 18. Nh2 Qd8 19. Bg4 f5 20. exf5 gxf5 21. Qc2 Qg5 22. h4 Qg6 23. h5 Qf7 24. Rd2 Kh8 25. Be2 Ndf6 26. Nf3 Ng4 27. Nh4 Qxh5 28. g3 Be6 29. Nd1 Qg5 30. Bxg4 Qxg4 31. Ne3 Qg5 32. Qc3 f4 33. Nf3 Qg7 34. Ng2 fxg3 35. Nxe5 gxf2+ 36. Rxf2 Rxf2 37. Kxf2 Nf6 38. Nf4 Ne4+ 39. Kf3 Nxc3 40. Neg6+ Kh7 41. Nxe6 Qxg6 42. Nf4 Qe4+ 0-1

[Event "Turkey Cup 2019"]
[Site "Belek"]
[Date "2019.01.29"]
[Round "4.78"]
[White "Isik, Kadri"]
[Black "Karakaya, Mehmet"]
[Result "1-0"]
[WhiteElo "1820"]
[BlackElo "1494"]
[Annotator "NA"]
[PlyCount "45"]
[EventDate "2019.01.27"]
[EventType "swiss"]
[EventCountry "TUR"]
[SourceTitle "playchess.com"]
[Source "ChessBase"]
[SourceQuality "1"]

1. e4 d5 2. exd5 Qxd5 3. Nc3 Qd6 4. Bc4 Nf6 5. d3 c6 6. Qe2 Bg4 7. f3 Bf5 8. g4 Bd7 9. Nh3 e6 10. Bf4 Qb4 11. O-O-O b5 12. Bb3 a5 13. a3 Qc5 14. d4 Qb6 15. d5 cxd5 16. Bxd5 Bc6 17. Bxc6+ Nxc6 18. Nxb5 Rc8 19. Ng5 Nd8 20. Rxd8+ Qxd8 21. Nxe6 fxe6 22. Qxe6+ Be7 23. Nd6+ 1-0

[Event "Turkey Cup 2019"]
[Site "Belek"]
[Date "2019.01.29"]
[Round "4.79"]
[White "Atay, Sergen"]
[Black "Dalgar, Sudenaz"]
[Result "1-0"]
[WhiteElo "1769"]
[BlackElo "1461"]
[Annotator "NA"]
[PlyCount "55"]
[EventDate "2019.01.27"]
[EventType "swiss"]
[EventCountry "TUR"]
[SourceTitle "playchess.com"]
[Source "ChessBase"]
[SourceQuality "1"]

1. c4 Nf6 2. Nf3 g6 3. b4 Bg7 4. Bb2 d6 5. g3 O-O 6. Bg2 e5 7. d3 Nc6 8. b5 Ne7 9. Nbd2 Nd7 10. Qc2 c6 11. a4 cxb5 12. axb5 Qb6 13. O-O f5 14. Bc3 Qc7 15. Ra3 a6 16. Rfa1 Bf6 17. Qa2 Kh8 18. Ne1 Nb6 19. Ba5 f4 20. Rb1 Bg7 21. bxa6 Rxa6 22. Qb3 Qc5 23. Ne4 Qc6 24. Bxb6 Qd7 25. Rxa6 bxa6 26. c5 dxc5 27. Bxc5 Re8 28. Nd6 1-0

[Event "Turkey Cup 2019"]
[Site "Belek"]
[Date "2019.01.29"]
[Round "4.80"]
[White "Kiray, Tuncer Efe"]
[Black "Sar, Can"]
[Result "1/2-1/2"]
[WhiteElo "1556"]
[BlackElo "1812"]
[Annotator "NA"]
[PlyCount "65"]
[EventDate "2019.01.27"]
[EventType "swiss"]
[EventCountry "TUR"]
[SourceTitle "playchess.com"]
[Source "ChessBase"]
[SourceQuality "1"]

1. e4 c5 2. Nf3 g6 3. d4 cxd4 4. Nxd4 Bg7 5. c4 Nc6 6. Be3 Nf6 7. Nc3 O-O 8. Be2 d6 9. O-O Bd7 10. Qd2 Nxd4 11. Bxd4 Bc6 12. f3 a5 13. Nd5 Bxd5 14. cxd5 Nd7 15. Bxg7 Kxg7 16. Qd4+ Kg8 17. Rac1 Rc8 18. Rc3 Rxc3 19. bxc3 Qc7 20. Rb1 Rb8 21. Kf2 Nc5 22. h4 e5 23. Qe3 Qe7 24. g3 Qd7 25. Kg2 Rf8 26. h5 f6 27. Qh6 Qg7 28. Qxg7+ Kxg7 29. Rb6 Rd8 30. Rb5 Ra8 31. Rb6 Rd8 32. Rb5 a4 33. Rb4 1/2-1/2

[Event "Turkey Cup 2019"]
[Site "Belek"]
[Date "2019.01.29"]
[Round "4.81"]
[White "Durucay, Uygar"]
[Black "Atayman, Evren"]
[Result "1/2-1/2"]
[WhiteElo "1410"]
[BlackElo "1668"]
[Annotator "NA"]
[PlyCount "95"]
[EventDate "2019.01.27"]
[EventType "swiss"]
[EventCountry "TUR"]
[SourceTitle "playchess.com"]
[Source "ChessBase"]
[SourceQuality "1"]

1. d4 Nf6 2. c4 e5 3. dxe5 Ng4 4. Nf3 Bc5 5. e3 Nc6 6. h3 Ngxe5 7. Nxe5 Nxe5 8. Nc3 O-O 9. Bd3 Nxd3+ 10. Qxd3 a5 11. O-O Ra6 12. Nd5 Rd6 13. Qc2 c6 14. Nf4 Qf6 15. Bd2 g5 16. Bc3 Qh6 17. Qf5 Bb4 18. c5 Bxc3 19. cxd6 Bb4 20. Ne2 Bxd6 21. Qxa5 b5 22. Rad1 Be5 23. Qb4 d5 24. f4 Bc7 25. Qe7 Bd8 26. fxg5 Qxg5 27. Qxg5+ Bxg5 28. Nf4 Re8 29. Rf3 Bxf4 30. exf4 Bf5 31. Kf2 Be4 32. Rc3 Rc8 33. Rc5 b4 34. Rd4 Ra8 35. Rxb4 Rxa2 36. Rxc6 Ra1 37. Rc3 Rd1 38. Rxe4 dxe4 39. Rc2 Rd3 40. Re2 f5 41. Re3 Rd2+ 42. Re2 Rd3 43. Re3 Rd2+ 44. Re2 Rd3 45. Re3 Rd2+ 46. Re2 Rd3 47. Ke1 Rd2 48. Kf2 1/2-1/2

[Event "Turkey Cup 2019"]
[Site "Belek"]
[Date "2019.01.29"]
[Round "4.82"]
[White "Sahin, Fehim"]
[Black "Camdereli, Gunduz"]
[Result "1/2-1/2"]
[WhiteElo "1555"]
[BlackElo "1724"]
[Annotator "NA"]
[PlyCount "104"]
[EventDate "2019.01.27"]
[EventType "swiss"]
[EventCountry "TUR"]
[SourceTitle "playchess.com"]
[Source "ChessBase"]
[SourceQuality "1"]

1. d4 Nf6 2. c4 g6 3. Nc3 d5 4. e3 Bg7 5. cxd5 Nxd5 6. Bc4 Nb6 7. Bb3 O-O 8. h4 c5 9. dxc5 N6d7 10. Na4 Na6 11. c6 bxc6 12. h5 Ndc5 13. hxg6 hxg6 14. Ne2 Nxb3 15. Qxb3 Rb8 16. Qd1 Qxd1+ 17. Kxd1 Rd8+ 18. Bd2 Nb4 19. Nd4 Bxd4 20. exd4 Rxd4 21. Nc5 Bf5 22. Ke2 Rd5 23. Bc3 f6 24. Nb3 Bd3+ 25. Kf3 Rf5+ 26. Kg3 Rg5+ 27. Kf3 Bc4 28. Rh4 Bd5+ 29. Ke2 Bxb3 30. axb3 Nd5 31. b4 Nxc3+ 32. bxc3 Rb7 33. Rc4 c5 34. f4 Rxg2+ 35. Kf3 Rd2 36. Rxc5 Kf7 37. Re1 Ke8 38. Ke4 Rbd7 39. Re3 Kf7 40. Kf3 Ke8 41. Rc8+ Kf7 42. Rc6 Ke8 43. Rxf6 R7d6 44. Rxd6 Rxd6 45. Ke2 Rf6 46. Re4 Rf5 47. Ke3 a5 48. Rd4 axb4 49. cxb4 g5 50. fxg5 Rxg5 51. Kd3 Rg6 52. b5 Rd6 1/2-1/2

[Event "Turkey Cup 2019"]
[Site "Belek"]
[Date "2019.01.29"]
[Round "4.83"]
[White "Dinc, Melih"]
[Black "Onbasi, Irem"]
[Result "1-0"]
[WhiteElo "1729"]
[BlackElo "1439"]
[Annotator "NA"]
[PlyCount "171"]
[EventDate "2019.01.27"]
[EventType "swiss"]
[EventCountry "TUR"]
[SourceTitle "playchess.com"]
[Source "ChessBase"]
[SourceQuality "1"]

1. e4 c6 2. d4 d5 3. exd5 cxd5 4. Bd3 Nf6 5. h3 Nc6 6. Nf3 e6 7. O-O Bd6 8. Re1 Qc7 9. c3 h6 10. Nh4 Bd7 11. Nf5 O-O-O 12. Nxd6+ Qxd6 13. Qf3 Qe7 14. b4 Rdg8 15. b5 Na5 16. Bf4 b6 17. Bh2 Kb7 18. c4 Qb4 19. Re2 Nxc4 20. Qg3 Rc8 21. a4 Nb2 22. Na3 Qxd4 23. Bc2 Nxa4 24. Rd1 Rxc2 25. Nxc2 Qxd1+ 26. Re1 Qxc2 27. Qxg7 Rg8 28. Qxf6 Qg6 29. Qf3 Bxb5 30. g4 h5 31. Qf4 hxg4 32. Qc7+ Ka8 33. h4 Qf6 34. Rb1 Nc3 35. Rxb5 g3 36. Qc6+ Kb8 37. Bxg3+ Rxg3+ 38. fxg3 Qd4+ 39. Kg2 Qd2+ 40. Kh3 Nxb5 41. Qxb5 Qf2 42. h5 Qf6 43. g4 Kc7 44. Qa6 Kb8 45. Qb5 Kc7 46. Qa6 d4 47. Qxa7+ Kc6 48. Qa8+ Kb5 49. Qe8+ Kc5 50. Qc8+ Kb4 51. Qf8+ Kc3 52. h6 Qf3+ 53. Kh4 Qh1+ 54. Kg5 Qd5+ 55. Kf6 Qf3+ 56. Ke7 Qb7+ 57. Kf6 Qf3+ 58. Ke7 Qb7+ 59. Kd6 Qd5+ 60. Kc7 Qe5+ 61. Kxb6 d3 62. h7 d2 63. h8=Q Qxh8 64. Qxh8+ Kc2 65. Qh7+ Kc1 66. Qxf7 d1=Q 67. Qf4+ Kb2 68. Qb4+ Ka1 69. Qc4 Qd8+ 70. Kc5 Qg5+ 71. Kd6 Qd8+ 72. Kc5 Qg5+ 73. Kb4 Qe7+ 74. Kb3 Qb7+ 75. Qb4 Qd5+ 76. Kc2 Qg2+ 77. Qd2 Qe4+ 78. Qd3 Qg2+ 79. Kc1 Qg1+ 80. Qd1 Qc5+ 81. Kd2+ Kb2 82. Qe2 Qd5+ 83. Qd3 Qg2+ 84. Qe2 Qd5+ 85. Ke1+ Kb3 86. Qd1+ 1-0

[Event "Turkey Cup 2019"]
[Site "Belek"]
[Date "2019.01.29"]
[Round "4.85"]
[White "Ilcin, Murat Veysi"]
[Black "Bulut, Nazim"]
[Result "1/2-1/2"]
[WhiteElo "1653"]
[BlackElo "1496"]
[Annotator "NA"]
[PlyCount "22"]
[EventDate "2019.01.27"]
[EventType "swiss"]
[EventCountry "TUR"]
[SourceTitle "playchess.com"]
[Source "ChessBase"]
[SourceQuality "1"]

1. d4 d5 2. c4 e6 3. Nc3 Nf6 4. Nf3 Nc6 5. Bg5 Be7 6. e3 O-O 7. Bd3 Bd7 8. Bxf6 Bxf6 9. cxd5 exd5 10. Nxd5 Bg4 11. Nxf6+ Qxf6 1/2-1/2

[Event "Turkey Cup 2019"]
[Site "Belek"]
[Date "2019.01.29"]
[Round "4.86"]
[White "Yaziciogullari, Ali Emre"]
[Black "Ilbay, Hakki"]
[Result "1/2-1/2"]
[WhiteElo "1675"]
[BlackElo "1438"]
[Annotator "NA RC"]
[PlyCount "63"]
[EventDate "2019.01.27"]
[EventType "swiss"]
[EventCountry "TUR"]
[SourceTitle "playchess.com"]
[Source "ChessBase"]
[SourceQuality "1"]

1. e4 e5 2. Nf3 Nc6 3. Bb5 a6 4. Ba4 Nf6 5. d3 b5 6. Bb3 Be7 7. O-O d6 8. c3 O-O 9. Re1 Na5 10. Bc2 c5 11. Nbd2 Nc6 12. Nf1 Re8 13. Ng3 Bf8 14. h3 g6 15. d4 cxd4 16. cxd4 Qc7 17. d5 Nb4 18. Bb3 a5 19. a3 Na6 20. Be3 Bd7 21. Rc1 Qb7 22. Qd2 a4 23. Ba2 Rec8 24. Rxc8 Rxc8 25. Rc1 Rxc1+ 26. Qxc1 b4 27. Bc4 b3 28. Qc3 Be7 29. Qa5 Nc7 30. Qb6 Qxb6 31. Bxb6 Nb5 32. Nd2 1/2-1/2